| 000 | 00756nam a22002537a 4500 | ||
|---|---|---|---|
| 005 | 20170123162301.0 | ||
| 010 | _aA-277148 | ||
| 020 | _c50.00 | ||
| 035 | _aA-277148 | ||
| 037 | _bCen Lib/Ret | ||
| 040 |
_aDPL _bUR |
||
| 082 | _a954 | ||
| 100 |
_aمحمّد اکرام _9141787 |
||
| 245 |
_a/ ابے کوثر _cمحمّد اکرام |
||
| 246 |
_aAb-e-kauser _bby Skaikh Mohammad Ikram |
||
| 260 |
_a دیللی _bادبی دنیا _c00?? |
||
| 270 |
_a510, متیا محل _b دیللی _e110006 |
||
| 300 |
_a471p. _c21cm(Hb) |
||
| 650 |
_a تاریخ _zبھارت _9434 |
||
| 650 |
_a تاریخ _9141788 |
||
| 650 |
_aHistory _zIndia _9436 |
||
| 650 |
_aHistory _zPakistan _9437 |
||
| 942 |
_2ddc _cUR _h954. _mم ح م |
||
| 999 |
_c105999 _d105999 |
||